Нормален изглед
MARC изглед
- Горанова, Правда Атанасова
Вход 01. Лично име
001 - Контролен номер на записа
- Контролно поле: 415689
003 - Код на организацията, даваща контролен номер
- Контролно поле: BLK
005 - Дата и час на последна промяна на записа
- Контролно поле: 20200616133300.0
008 - Данни с фиксирана дължина – обща информация
- Данни с фиксирана дължина : 200616|| aca||aabn | a|a d
100 ## - ИМЕ НА ЛИЦЕ -ПЪРВИЧНА ИНТЕЛЕКТУАЛНА ОТГОВОРНОСТ
- Лично име: Горанова, Правда Атанасова
942 ## - Системна служебна употреба
- Koha auth type: PERSO_NAME